Is Conflict Adaptation an Illusion? (Record no. 13339)
[ view plain ]
| 000 -LEADER | |
|---|---|
| fixed length control field | 00587nam a2200133Ia 4500 |
| 008 - FIXED-LENGTH DATA ELEMENTS--GENERAL INFORMATION | |
| fixed length control field | 220615s9999||||xx |||||||||||||| ||und|| |
| 022 ## - INTERNATIONAL STANDARD SERIAL NUMBER | |
| International Standard Serial Number | 16648714 |
| 100 ## - MAIN ENTRY--PERSONAL NAME | |
| Personal name | James R Schmidt||Eva Van Den Bussche||Wim Notebaert |
| 245 #0 - TITLE STATEMENT | |
| Title | Is Conflict Adaptation an Illusion? |
| 546 ## - LANGUAGE NOTE | |
| Language note | English[eng] |
| 650 ## - SUBJECT ADDED ENTRY--TOPICAL TERM | |
| Topical term or geographic name entry element | cognitive control||Gratton effect||Proportion Congruent||conflict adaptation||timing||Attention||contingency learning||congruency sequence effect||binding||expectancies |
| 856 ## - ELECTRONIC LOCATION AND ACCESS | |
| Uniform Resource Identifier | <a href="http://journal.frontiersin.org/researchtopic/2358/is-conflict-adaptation-an-illusion">http://journal.frontiersin.org/researchtopic/2358/is-conflict-adaptation-an-illusion</a> |
| 942 ## - ADDED ENTRY ELEMENTS (KOHA) | |
| Koha item type | E-Books |
| Withdrawn status | Lost status | Damaged status | Not for loan | Home library | Current library | Date acquired | Total Checkouts | Date last seen | Price effective from | Koha item type |
|---|---|---|---|---|---|---|---|---|---|---|
| Kerala University of Digital Sciences, Innovation and Technology Knowledge Centre | Kerala University of Digital Sciences, Innovation and Technology Knowledge Centre | 15/06/2022 | 15/06/2022 | 15/06/2022 | E-Books |